Trachyodontium, a new genus of the Pottiaceae (Musci) from Ecuador (Registro nro. 11744)

Detalles MARC
000 -CABECERA
Campo de control 005660000a22001810004500
090 ## - CLASIFICACIÓN LOCAL
Colección AR
Consecutivo 02681
041 0# - IDIOMA
Código de idioma para texto/pista de sonido o título separado
100 1# - ASIENTO PRINCIPAL--NOMBRE PERSONAL
Nombre personal Campbell Steere, William
245 10 - MENCION DE TITULO
Título Trachyodontium, a new genus of the Pottiaceae (Musci) from Ecuador
650 14 - ASIENTO SECUNDARIO DE MATERIA - TERMINO TEMATICO
Término temático o nombre geográfico como elemento de entrada Botánica
650 14 - ASIENTO SECUNDARIO DE MATERIA - TERMINO TEMATICO
Término temático o nombre geográfico como elemento de entrada Taxonomía vegetal
650 14 - ASIENTO SECUNDARIO DE MATERIA - TERMINO TEMATICO
Término temático o nombre geográfico como elemento de entrada Nuevas especies
650 14 - ASIENTO SECUNDARIO DE MATERIA - TERMINO TEMATICO
Término temático o nombre geográfico como elemento de entrada Morfología vegetal
651 #4 - ASIENTO SECUNDARIO DE MATERIA - NOMBRE GEOGRAFICO
-- Ecuador
653 ## - TERMINO DE INDIZACION - NO CONTROLADO
-- Pottiaceae
-- Trachyodontium
-- Trachyodontium zanderi
773 1# - Item fuente:
Título Bryologist
Especificación de materiales 222
Descripción física 1
Paginas del Articulo 17-19
Lugar, editorial y fecha de publicación 1986
Información sobre la relación 89
942 ## - ELEMENTOS ADICIONALES (KOHA)
Tipo de ítem Artículo
Existencias
Withdrawn status Lost status Damaged status No para préstamo Colección Ubicación Permanente Ubicación actual Fecha de adquisición Datos de publicación Seriada Total Checkouts Número topográfico Inventario / Código de Barras Date last seen Ejemplar Price effective from Forma de adquisición Tipo de material
      No para Préstamo Hemeroteca Bogotá Bogotá 27/02/2015 Fuera de circulación   AR 02681 013095 25/03/2015 1 25/03/2015   Artículo